01573nam a2200349 a 4500001001000000003000500010005001700015008004100032010001100073011001100084040000900095090001000104100004400114245021000158260004100368500006000409502007200469590004100541590004000582590004000622650003700662650003300699650004400732650005900776856007000835901000700905942001000912942000600922999001900928952014000947952013601087000111637CHAP20220329144223.0150623s2015 mx sm |||||||spa d a108098 a109070 cCHAP aTesis1 aCortez Escobedo, José Domingo912955710aEvaluación financiera del programa modernización y tecnificación de unidades de riego de la Comisión Nacional del Agua 2011 en el Estado de Sonorah[En línea]cpor José Domingo Cortez Escobedo. aChapingo, Méx. :bEl autor,c2015. aPara ver el contenido del material haga clic en la liga aTesis (Ing. en Irrigación ) -- UACH. Departamento de Irrigación aBATCH-UPDb05c20150623lUCH01h1110 aE5765TAJb05c20150623lUCH01h1109 aE5765TAJb05c20150623lUCH01h111814aIndicadores económicos.95756414aIrrigaciónxCostos.96039214aIrrigaciónxProyectosxSonora.96047114aProgramas de desarrolloxEvaluaciónzSonora.9129558 aFinding aiduhttp://10.13.5.2/tesis/sist111637.pdfzTeclea aquí aBK cTESIS n0 c108098d108098 00102local4053708TESISaBCbBCcPA_TESISd2015-06-23fTESISl0oTesisp33724002503777r2019-12-31 00:00:00tc.2w2019-12-31yTESIS 00104054718TESISaBCbBCd2015-06-23fTESISl0oTesisp33724002503819r2019-12-31 00:00:00w2019-12-31yTESISzRecien adquirido